00346nam a22001457a 450000500170000000800410001702000220005804100080008008200100008810000190009824500280011726000230014530000080016865000240017620160628150635.0160628b xxu||||| |||| 00| 0 eng d a978-93-80027-69-2 aeng b11597 aSharma, Neelam aR.C.C. Design & Drawing bKatson Booksc2012 a420 aDiploma Engineering